000 01042 a2200229 4500
001 37879
005 20260407155645.0
008 260407a1991 arg spa d
003 AR-UNSa-BCEJYS
040 _aAR-UNSa-BCEJYS
_bspa
_cAR-UNSa-BCEJYS
080 _a658.56
_xControl de la calidad. Control de herramientas y material
245 1 0 _aEl desprecio cero
020 _a84-7615-595-6
264 1 _aMadrid :
_bMcGraw-Hill
_c1991
300 _a154 p.
_c23 cm.
505 _a1. El coste del desprecio. siete anéctodas para nuestros hijos - 2. La economía del tercer tipo: de la guerra contra el despilfarro a la proliferación - 3. El despercio cero y la empresa - 4. El desprecio cero y la adminstración - 5. El desprecio cero y la educación - 7. Las herramientas del despercio cero: cuestión de ética.
942 _cBK
590 _aniveau_biblio:m niveau_hierar:0
100 1 _aSérieyx, Hervé
700 1 _aLefort, Rafael
856 4 1 _uhttps://biblioeco.unsa.edu.ar/pmb/images/libros/L58739.jpg
_yImagen de portada
_qimage/jpeg
999 _c2827
_d2827